|
|
|
|
| LEADER |
00000nab a2200000 ar4500 |
| 001 |
vtls008421240 |
| 003 |
SK-MaSNL |
| 005 |
20260305031009.0 |
| 008 |
051230c20041006xo mr|p|||||||000 b|slo |
| 038 |
|
|
|a SNSK
|
| 040 |
|
|
|a SNSK
|b slo
|c SNSK
|e AACR2
|
| 041 |
0 |
|
|a slo
|
| 044 |
|
|
|a xo
|c SK
|
| 080 |
|
|
|a 362.111
|2 UDC-MRF-SK2
|
| 080 |
|
|
|a 618-089.5
|2 UDC-MRF-SK2
|
| 100 |
1 |
|
|a Šimoňáková, Mária,
|d 1978-
|4 aut
|9 115064
|
| 245 |
1 |
0 |
|a V krompašskej nemocnici rodia mamičky bez bolesti
|b MuDr.Ján Králik:"Tento spôsob predstavuje komfort pri pôrode. Pacientka nemá bolesti a dobre spolupracuje
|c Mária Šimoňáková
|
| 300 |
|
|
|b Fotogr.
|
| 610 |
2 |
7 |
|a Nemocnica s poliklinikou (Krompachy, Slovensko)
|2 snsk
|9 58943
|
| 650 |
0 |
7 |
|a bezbolestné pôrody
|2 snsk
|9 1608519
|
| 650 |
0 |
7 |
|a epidurálna anestézia
|2 snsk
|9 82284
|
| 651 |
|
7 |
|a Krompachy (Slovensko)
|2 snsk
|9 43389
|
| 651 |
|
7 |
|a Spišská Nová Ves (Slovensko : okres)
|2 snsk
|9 22259
|
| 773 |
0 |
|
|t Spišský denník Korzár
|g Roč. VI., č. 231 (6.10.2004 ), s. 2.
|x 1335-759X
|
| 852 |
|
|
|a SNSK
|b KIS3GCP
|
| 999 |
|
|
|c 3314103
|d 3316033
|